Normal view MARC view
  • South Sudan

Entry Geographic Name

Number of records used in: 1

001 - CONTROL NUMBER

  • control field: 129515

003 - CONTROL NUMBER IDENTIFIER

  • control field: NUST

005 - DATE AND TIME OF LATEST TRANSACTION

  • control field: 20250709130636.0

008 - FIXED-LENGTH DATA ELEMENTS

  • fixed length control field: 250709|| aca||aabn | a|a d

040 ## - CATALOGING SOURCE

  • Original cataloging agency: NUST
  • Transcribing agency: NUST

151 ## - HEADING--GEOGRAPHIC NAME

  • Geographic name: South Sudan
  • General subdivision: History

670 ## - SOURCE DATA FOUND

  • Source citation: Work cat.: (NUST)0: Millar, Mark, 1979- author. 129510, The peacekeeping failure in South Sudan :
© 2023 Central Library, National University of Sciences and Technology. All Rights Reserved.